000 00468nam a2200181Ia 4500
008 230125s9999 xx 000 0 und d
041 _aeng
082 _a174.4
_bREE
100 _aReesha A
_9114281
245 _aCorporate Social Responsibility and Leadership
260 _c2006
_bBritish Council
_aNew Delhi
300 _a120p
650 _aBusiness Ethics
700 _aReesha A
_9114281
999 _c91615
_d91615
500 _aBusiness Ethics
500 _aEthics